| 000 | 00909cam a22002895a 4500 | ||
|---|---|---|---|
| 001 | 18082248 | ||
| 005 | 20150609125750.0 | ||
| 008 | 140326t2015 flua frbd 001 0 eng d | ||
| 020 | _a9781482247121 (alk. paper) | ||
| 040 |
_aDLC _beng _cDLC _dEG-ScBUE |
||
| 050 | 0 | 0 |
_aTJ263.5 _b.G36 2014 |
| 082 | 0 | 4 |
_a621.183 _222 _bGAN |
| 100 | 1 |
_aGanapathy, V. _938129 |
|
| 245 | 1 | 0 |
_aSteam generators and waste heat boilers : _bfor process and plant engineers / _cV. Ganapathy. |
| 260 |
_aBoca Raton : _bCRC Press / Taylor and Francis Group, _cc.2015 |
||
| 300 |
_axxxi, 507 p. : _bill. ; _c26 cm. |
||
| 490 | 0 | _aMechanical engineering | |
| 500 | _aIndex : p. 495-507. | ||
| 500 | _aGlossary : p. 491-492. | ||
| 504 | _aIncludes bibliographical references. | ||
| 590 | _aSAMEH | ||
| 650 | 0 |
_aBoilers. _2BUEsh |
|
| 651 | _2BUEsh | ||
| 653 |
_bENGGEN _cJune2015 |
||
| 655 |
_vreading book _934232 |
||
| 942 | _2ddc | ||
| 999 |
_c19500 _d19472 |
||